000 00367nam a2200133Ia 4500
008 220217s9999||||xx |||||||||||||| ||und||
020 _a9780074636435
082 _a621
100 _aHMT Limited
_910406
245 0 _aMechatronics
260 _aMcgraw hill book company
_bNew Delhi
_c2018
300 _aXVIII, 461p.
_b710
650 _aMechanical Engineering
_913026
999 _c188899
_d188899